000 00529nam a22001697a 4500
003 OSt
005 20260217125425.0
008 260217b |||||||| |||| 00| 0 eng d
040 _cMRSPTU
041 _aEnglish
100 _aHeena, Supervisor: Dr. Manjeet Bansal
245 _aEffect on Properties of Concrete by Adding Polypropylene Fibers
260 _bDepartment of Civil Engg. MRSPTU, Bathinda
_c2018
650 _aCivil Engineering
856 _uhttp://163.47.215.52:8080/jspui/handle/123456789/167
942 _2ddc
_cTH
_n0
999 _c10923
_d10923